| 000 -LEADER |
| fixed length control field |
00431cam a2200157 a 4500 |
| 040 ## - CATALOGING SOURCE |
| Transcribing agency |
AFT |
| 082 ## - DEWEY DECIMAL CLASSIFICATION NUMBER |
| Classification number |
001 PRO 1985 C096 Or. |
| 245 00 - TITLE STATEMENT |
| Title |
Professional engineer : |
| Remainder of title |
a guide to registration |
| 260 ## - PUBLICATION, DISTRIBUTION, ETC. (IMPRINT) |
| Place of publication |
Fort Belvoir, Va. : |
| Name of publisher |
U.S. Army Engineer School, |
| Year of publication |
1985 |
| 300 ## - PHYSICAL DESCRIPTION |
| Number of Pages |
ii, 23 p. ; |
| Dimensions |
28 cm |
| 500 ## - GENERAL NOTE |
| General note |
Cover title |
| 650 #0 - SUBJECT ADDED ENTRY--TOPICAL TERM |
| Topical Term |
Engineering |
| 710 2# - ADDED ENTRY--CORPORATE NAME |
| Corporate name or jurisdiction name as entry element |
U.S. Army Engineer School |
| 710 2# - ADDED ENTRY--CORPORATE NAME |
| Corporate name or jurisdiction name as entry element |
HathiTrust. |
| 942 ## - ADDED ENTRY ELEMENTS (KOHA) |
| Koha item type |
ADB |
| 952 ## - LOCATION AND ITEM INFORMATION (KOHA) |
| Withdrawn status [LOCAL, KOHA] |
0 |